00878naa a2200193 i 45000010005000000030009000050050017000140080041000310400026000720410008000980800007001061000133001132450117002466550030003637110105003937730158004989420013006569990015006698700KOSZ 00520180302124048.0180227s2001 pl | | |100 ||eng d cKOSZ 005aKOSZ 005/HR aeng a511 aSUSHCH, Volodymyr.d1997 - .bPolitechnika Koszalińska - Wydział Budownictwa i Inżynierii Środowiska,cKatedra Matematyki10aSome finite-difference model of a nonlocal boundary value problem for the Poisson equation / cVolodymyr Sushch. 0aMateriały konferencyjne. aOgólnopolska Konferencja Zastosowań Matematykin(30 ;d2001 ;cZakopane - Kościelisko, Polska)0 iW :tXXX Ogólnopolska Konferencja Zastosowań Matematyki : Zakopane-Kościelisko, 18-25.IX. 2001. -dWarszawa : Komitet Matematyki PAN, 2001.gs. 107 cROZ2UKD c8700d8700